El extremismo político en Alemania (Registro nro. 5555)

Detalles MARC
000 -LEADER
fixed length control field 01719 a2200229 4500
001 - CONTROL NUMBER
control field 54398
005 - DATE AND TIME OF LATEST TRANSACTION
control field 20260407155817.0
008 - FIXED-LENGTH DATA ELEMENTS--GENERAL INFORMATION
fixed length control field 260407a1997 arg spa d
003 - CONTROL NUMBER IDENTIFIER
control field AR-UNSa-BCEJYS
040 ## - CATALOGING SOURCE
Original cataloging agency AR-UNSa-BCEJYS
Language of cataloging spa
Transcribing agency AR-UNSa-BCEJYS
080 ## - UNIVERSAL DECIMAL CLASSIFICATION NUMBER
Universal Decimal Classification number 327
Common auxiliary subdivision Relaciones internacionales. Política internacional. Asuntos internacionales. Política exterior<br/>
020 ## - INTERNATIONAL STANDARD BOOK NUMBER
International Standard Book Number 84-7432-637-0
100 1# - MAIN ENTRY--PERSONAL NAME
Personal name Falter, Jürgen W.
245 10 - TITLE STATEMENT
Title El extremismo político en Alemania
264 #1 - PRODUCTION, PUBLICATION, DISTRIBUTION, MANUFACTURE, AND COPYRIGHT NOTICE
Place of production, publication, distribution, manufacture Barcelona :
Name of producer, publisher, distributor, manufacturer Gedisa
Date of production, publication, distribution, manufacture, or copyright notice 1997
300 ## - PHYSICAL DESCRIPTION
Extent 356 p.
Dimensions 20 cm.
505 ## - FORMATTED CONTENTS NOTE
Formatted contents note 1. El desempleo y los éxitos electorales del nacionalsocialismo – 2. ¿”Propensión” de los empleados – “Inmunidad” de los obreros? Mitos sobre los votantes del NSDAP – 3. ¿Fue el NSDAP el primer partido popular alemán? – 4. Los “caídos de marzo” de 1933. Nuevos resultados de la investigación sobre el cambio social en el NSDAP como consecuencia de la “toma del poder” – 5. La hipótesis de la historia. ¿Cuántos nacionalsocialismos convencidos hubo? – 6. Viejas y nuevas orientaciones de los partidos: las elecciones federales de 1949. Entre la continuidad y un nuevo comienzo – 7. La base popular de la extrema derecha en Europa: un análisis comparativo – 8. Conflictos políticos, comportamiento electoral y estructura de la competencia partidista – 9. Los votantes del PDS en las elecciones federales de 1994. Entre la ideología, la nostalgia y la protesta – 10. Siglas de los partidos políticos – 11. Títulos de los originales alemanes y lugar de su publicación.
590 ## - LOCAL NOTE (RLIN)
Local note niveau_biblio:m niveau_hierar:0
700 1# - ADDED ENTRY--PERSONAL NAME
Personal name Garzón Valdés, Ernesto
700 1# - ADDED ENTRY--PERSONAL NAME
Personal name Zimmerling, Ruth
942 ## - ADDED ENTRY ELEMENTS (KOHA)
Koha item type
Existencias
Withdrawn status Lost status Damaged status Not for loan Home library Current library Shelving location Date acquired Total checkouts Full call number Barcode Date last seen Price effective from Koha item type
        Biblioteca Prof. Eusebio Cleto del Rey Biblioteca Prof. Eusebio Cleto del Rey   07/04/2026   327 F177 L85625 07/04/2026 07/04/2026 Libro